01018nam a2200265 a 450000100100000000500170001000800410002702000150006804000250008304100380010808200190014610000240016524000630018924501410025226000600039330000210045349000290047453400720050365000420057565000240061765000180064170000380065970000260069783000290072300002486120200930023420.0100712s1993 ag 000 | spa d a9506942927 aDO-SdBNPbspacBNPHU17aenghspa2Código de idioma MARC a327.101bD732t1 aDougherty, James E.10aContending theories of international relations.lEspañol10aTeorías en pugna en las relaciones internacionales /cJames E. Dougherty, Robert L. Pfaltzgraff (hijo) ; traducción Cristina Piña. aMéxico, D. F. :bGrupo Editor Latinomareicano,c1993. a592 p. ;c23 cm.1 aEstudios Internacionales aTítulo original :tContending theories of international relations 4aRelaciones internacionalesxTeorías 4aPolítica exterior 4aGeopolítica1 aPfaltzgraff , Robert L. ,c(hijo)1 aPiña, Cristinaetr. 0aEstudios Internacionales